[Event "Belt and Road Hunan op-B"]
[Site "Changsha"]
[Date "2019.08.02"]
[Round "9"]
[White "Munkhzul, Turmunkh"]
[Black "Li, Xinyu"]
[Result "1/2-1/2"]
[WhiteElo "2386"]
[BlackElo "2053"]
[PlyCount "99"]
[EventDate "2019.07.29"]
[EventType "swiss"]
[EventRounds "9"]
[EventCountry "CHN"]
[SourceTitle "EXT 2020"]
[Source "ChessBase"]
[SourceDate "2019.10.17"]
[SourceVersion "1"]
[SourceVersionDate "2019.10.17"]
[SourceQuality "1"]

1. e4 c5 2. Nf3 d6 3. d4 cxd4 4. Nxd4 Nf6 5. Nc3 a6 6. Bg5 Nbd7 7. Qe2 Qc7 8. 0-0-0 h6 9. Bh4 g6 10. f4 e5 11. fxe5 dxe5 12. Nb3 Bg7 13. g4 Nb6 14. h3 Be6 15. Qf2 Nbd7 16. Bg2 b5 17. Nd5 Bxd5 18. exd5 Qd6 19. Na5 Nc5 20. Rhf1 g5 21. Bg3 0-0 22. Bxe5 Qxe5 23. Qxc5 Nd7 24. Qb4 Qg3 25. Qe4 Rae8 26. Qb4 Ra8 27. Be4 Rae8 28. Bf5 Nb6 29. d6 Na4 30. d7 Bxb2+ 31. Kb1 Rd8 32. Rd3 Qg2 33. Rfd1 Bg7 34. Be4 Qe2 35. Re1 Qf2 36. Rc1 Bb2 37. Rf3 Qh2 38. Rd1 Qc7 39. Nc6 Rxd7 40. Rxd7 Qxd7 41. Ne7+ Kg7 42. Nf5+ Kg8 43. Nxh6+ Kg7 44. Nf5+ Kg8 45. Rd3 Qc7 46. Nh6+ Kg7 47. Nf5+ Kg8 48. Nh6+ Kg7 49. Nf5+ Kg8 50. Nh6+ 1/2-1/2

[Event "Wch U20 Girls 36th"]
[Site "Manavgat"]
[Date "2018.09.15"]
[Round "11"]
[White "Li, Xinyu"]
[Black "Nass, Sara"]
[Result "1-0"]
[WhiteElo "2086"]
[BlackElo "1888"]
[PlyCount "60"]
[EventDate "2018.09.05"]
[EventType "swiss"]
[EventRounds "11"]
[EventCountry "TUR"]
[SourceTitle "CBM 186 Extra"]
[Source "ChessBase"]
[SourceDate "2018.08.24"]
[SourceVersion "1"]
[SourceVersionDate "2018.08.24"]
[SourceQuality "1"]

1. d4 d5 2. c4 e6 3. Nc3 Nf6 4. Bg5 Be7 5. e3 c6 6. Nf3 Nbd7 7. Rc1 0-0 8. Bd3 dxc4 9. Bxc4 Nd5 10. Bxe7 Qxe7 11. 0-0 N5b6 12. Bb3 e5 13. d5 cxd5 14. Nxd5 Nxd5 15. Qxd5 e4 16. Nd4 Nf6 17. Qc5 Qxc5 18. Rxc5 b6 19. Rc7 Ba6 20. Rfc1 Rac8 21. Bxf7+ Rxf7 22. Rxc8+ Bxc8 23. Rxc8+ Rf8 24. Rxf8+ Kxf8 25. Kf1 Kf7 26. Ke2 Nd5 27. Nb5 Ke6 28. Nxa7 Nb4 29. a3 Nd3 30. b4 Kd5 1-0

[Event "Wch U20 Girls 36th"]
[Site "Manavgat"]
[Date "2018.09.11"]
[Round "7"]
[White "Li, Xinyu"]
[Black "Zairbek Kyzy, Begimay"]
[Result "0-1"]
[WhiteElo "2086"]
[BlackElo "1770"]
[PlyCount "142"]
[EventDate "2018.09.05"]
[EventType "swiss"]
[EventRounds "11"]
[EventCountry "TUR"]
[SourceTitle "CBM 186 Extra"]
[Source "ChessBase"]
[SourceDate "2018.08.24"]
[SourceVersion "1"]
[SourceVersionDate "2018.08.24"]
[SourceQuality "1"]

1. d4 d5 2. c4 e6 3. Nc3 Nf6 4. Nf3 Be7 5. Bg5 Nbd7 6. e3 c6 7. Rc1 0-0 8. Bd3 Re8 9. 0-0 Nf8 10. Qc2 Ng6 11. Rfd1 dxc4 12. Bxc4 Nd5 13. Bxe7 Qxe7 14. a3 Bd7 15. Bd3 Nf8 16. Ne4 Rad8 17. Qb3 Bc8 18. Qa4 a6 19. b4 Nd7 20. Nc5 h6 21. Qb3 N5f6 22. e4 e5 23. dxe5 Nxe5 24. Nxe5 Qxe5 25. Bc4 Qc7 26. Rxd8 Rxd8 27. Qe3 Ng4 28. Qg3 Qxg3 29. hxg3 Rd2 30. f3 Ne3 31. Bf1 Rc2 32. Re1 Rc3 33. Bd3 b6 34. Rxe3 bxc5 35. bxc5 Rxa3 36. Kf2 Rc3 37. Be2 Rxc5 38. Rb3 Kh7 39. Rb8 Be6 40. Bxa6 Rc2+ 41. Kg1 c5 42. g4 Kg6 43. Kh2 Kf6 44. Kg3 g5 45. Rh8 Kg7 46. Rd8 c4 47. Bc8 Kf6 48. Bxe6 Kxe6 49. Rd5 c3 50. f4 Rd2 51. f5+ Ke7 52. Rc5 Rd3+ 53. Kf2 Kd6 54. Rc4 Ke5 55. g3 f6 56. Kg2 Re3 57. Kf2 Rxe4 58. Rxc3 Rxg4 59. Kf3 Rd4 60. g4 Rf4+ 61. Kg3 h5 62. gxh5 Kxf5 63. Rc8 Rg4+ 64. Kf3 Rh4 65. Rh8 Rh3+ 66. Kg2 Kg4 67. h6 f5 68. h7 f4 69. Kf2 f3 70. Ra8 Rh2+ 71. Ke3 Rxh7 0-1

[Event "CHN-chN (Women)"]
[Site "Jiangmen"]
[Date "2018.07.21"]
[Round "8"]
[White "Li, Yunshan"]
[Black "Li, Xinyu"]
[Result "1/2-1/2"]
[WhiteElo "2130"]
[BlackElo "2029"]
[PlyCount "40"]
[EventDate "2018.07.18"]
[EventType "swiss"]
[EventRounds "11"]
[EventCountry "CHN"]
[SourceTitle "CBM 185 Extra"]
[Source "ChessBase"]
[SourceDate "2018.07.29"]
[SourceVersion "1"]
[SourceVersionDate "2018.07.29"]
[SourceQuality "1"]

1. d4 d5 2. c4 c6 3. cxd5 cxd5 4. Bf4 Nc6 5. e3 Nf6 6. Nc3 Bf5 7. Nf3 e6 8. Bd3 Bxd3 9. Qxd3 Bd6 10. Bxd6 Qxd6 11. 0-0 0-0 12. Rfc1 Rfc8 13. Na4 Na5 14. Ne5 Rc7 15. Rxc7 Qxc7 16. Qc3 Qxc3 17. Nxc3 Rc8 18. f3 Nc4 19. Nxc4 Rxc4 20. Rc1 Kf8 1/2-1/2

[Event "CHN-chN (Women)"]
[Site "Jiangmen"]
[Date "2018.07.20"]
[Round "5"]
[White "Li, Xinyu"]
[Black "Li, Xueyi"]
[Result "1/2-1/2"]
[WhiteElo "2029"]
[BlackElo "2191"]
[PlyCount "136"]
[EventDate "2018.07.18"]
[EventType "swiss"]
[EventRounds "11"]
[EventCountry "CHN"]
[SourceTitle "CBM 185 Extra"]
[Source "ChessBase"]
[SourceDate "2018.07.29"]
[SourceVersion "1"]
[SourceVersionDate "2018.07.29"]
[SourceQuality "1"]

1. d4 Nf6 2. c4 e6 3. Nf3 b6 4. g3 Bb7 5. Bg2 Bb4+ 6. Bd2 a5 7. a3 Be7 8. Nc3 d5 9. Bg5 h6 10. Bxf6 Bxf6 11. cxd5 exd5 12. Rc1 0-0 13. 0-0 Na6 14. Ne1 Rb8 15. Nc2 c6 16. e4 dxe4 17. Nxe4 c5 18. Nxf6+ Qxf6 19. Bxb7 Rxb7 20. Qe2 Nc7 21. Qe4 Rbb8 22. Qe5 Qxe5 23. dxe5 Rfe8 24. f4 Nd5 25. Kf2 f6 26. Rcd1 Rbd8 27. exf6 Nxf6 28. Kf3 b5 29. Ne3 a4 30. g4 b4 31. Nc4 bxa3 32. bxa3 Rb8 33. Rd3 Re4 34. Rc1 Rd4 35. Rcc3 Rb1 36. Nd2 Rh1 37. g5 hxg5 38. fxg5 Nd7 39. Rxd4 cxd4 40. Rc7 Ne5+ 41. Ke4 Rxh2 42. Kxd4 Ng6 43. Ne4 Ra2 44. Rc3 Nf4 45. Kc5 Re2 46. Rc4 Ne6+ 47. Kd6 Nf4 48. Rxa4 Kf7 49. Rb4 Re1 50. a4 Rd1+ 51. Kc6 Rc1+ 52. Kb5 Ne6 53. Kb6 Nc7 54. Kb7 Nd5 55. Rb5 Ke6 56. a5 Rc4 57. Nc5+ Kd6 58. Nd3 Rc7+ 59. Kb8 Rf7 60. a6 Rf8+ 61. Ka7 g6 62. Nb2 Kc6 63. Rb3 Nc7 64. Rc3+ Kd7 65. Kb7 Nb5 66. Rc5 Nd6+ 67. Ka7 Nc8+ 68. Kb7 Nd6+ 1/2-1/2

[Event "CHN-chT2"]
[Site "Jiangmen"]
[Date "2018.07.11"]
[Round "3.2"]
[White "Li, Xinyu"]
[Black "Zhang, Lanlin"]
[Result "0-1"]
[WhiteElo "2029"]
[BlackElo "2199"]
[PlyCount "82"]
[EventDate "2018.07.10"]
[EventType "team-swiss"]
[EventRounds "11"]
[EventCountry "CHN"]
[SourceTitle "EXT 2019"]
[Source "ChessBase"]
[SourceDate "2018.10.10"]
[SourceVersion "1"]
[SourceVersionDate "2018.10.10"]
[SourceQuality "1"]
[WhiteTeam "Shenzhen Chess Academy"]
[BlackTeam "Chongqing Kowloon Kylin"]
[WhiteTeamCountry "CHN"]
[BlackTeamCountry "CHN"]

1. d4 d5 2. c4 c6 3. Nc3 Nf6 4. Nf3 dxc4 5. a4 Bf5 6. e3 e6 7. Bxc4 Nbd7 8. Qe2 Bb4 9. e4 Nxe4 10. 0-0 Nxc3 11. bxc3 Be7 12. Bd3 Bxd3 13. Qxd3 0-0 14. Rb1 b6 15. Bf4 c5 16. Rfc1 Nf6 17. Ne5 Rc8 18. a5 Nd5 19. Bd2 Bg5 20. axb6 axb6 21. Nf3 Bxd2 22. Qxd2 h6 23. h3 Qe7 24. c4 Nb4 25. Re1 Rfd8 26. Re4 Qd6 27. Qc3 f5 28. Ree1 Nc6 29. dxc5 bxc5 30. Rb7 Nd4 31. Ne5 Rc7 32. Rb2 Ra7 33. Qg3 Qe7 34. h4 Qf6 35. Nd3 Ra3 36. Re3 f4 37. Nxf4 Nf5 38. Nh5 Qxb2 39. Qg6 Rxe3 40. fxe3 Rd1+ 41. Kh2 Qe5+ 0-1

[Event "CHN-chB (Women)"]
[Site "Qinhuangdao"]
[Date "2017.07.20"]
[Round "10"]
[White "Li, Xinyu"]
[Black "Zhao, Shengxin"]
[Result "1/2-1/2"]
[WhiteElo "1939"]
[BlackElo "2042"]
[PlyCount "79"]
[EventDate "2017.07.16"]
[EventType "swiss"]
[EventRounds "11"]
[EventCountry "CHN"]
[SourceTitle "CBM 179 Extra"]
[Source "ChessBase"]
[SourceDate "2017.08.23"]
[SourceVersion "1"]
[SourceVersionDate "2017.08.23"]
[SourceQuality "1"]

1. d4 d5 2. c4 c6 3. cxd5 cxd5 4. Nc3 Nf6 5. Bf4 Nc6 6. e3 Bf5 7. Qb3 Na5 8. Qa4+ Bd7 9. Qc2 e6 10. Bd3 Rc8 11. Nf3 Be7 12. 0-0 Nc6 13. a3 Nh5 14. Be5 Nxe5 15. Nxe5 Nf6 16. Qb3 Rb8 17. Rfc1 0-0 18. Na4 Bxa4 19. Qxa4 Qb6 20. b4 Bd6 21. h3 Rfc8 22. Nd7 Nxd7 23. Qxd7 Rd8 24. Qa4 Rdc8 25. Qd7 Rd8 26. Qa4 Rdc8 27. Qd7 Rc7 28. Rxc7 Qxc7 29. Qxc7 Bxc7 30. Rc1 Bd6 31. Kf1 Kf8 32. Ke2 h6 33. Kd2 Ke7 34. Kc2 Rc8+ 35. Kb2 Rxc1 36. Kxc1 a5 37. bxa5 Bxa3+ 38. Kc2 Bb4 39. a6 bxa6 40. Bxa6 1/2-1/2

[Event "CHN-chB (Women)"]
[Site "Qinhuangdao"]
[Date "2017.07.18"]
[Round "6"]
[White "Xu, Fei"]
[Black "Li, Xinyu"]
[Result "1/2-1/2"]
[WhiteElo "1844"]
[BlackElo "1939"]
[PlyCount "85"]
[EventDate "2017.07.16"]
[EventType "swiss"]
[EventRounds "11"]
[EventCountry "CHN"]
[SourceTitle "CBM 179 Extra"]
[Source "ChessBase"]
[SourceDate "2017.08.23"]
[SourceVersion "1"]
[SourceVersionDate "2017.08.23"]
[SourceQuality "1"]

1. e4 c5 2. Nf3 d6 3. d4 cxd4 4. Qxd4 Nc6 5. Bb5 Bd7 6. Bxc6 Bxc6 7. Nc3 Nf6 8. Bg5 e6 9. 0-0-0 Be7 10. Qd3 Qa5 11. h4 h6 12. Bd2 Qa6 13. Qxa6 bxa6 14. Rhe1 Ng4 15. Re2 0-0 16. Bf4 Rad8 17. Bg3 Rd7 18. Nd4 Ba8 19. Nb3 Rfd8 20. f3 Nf6 21. Red2 d5 22. exd5 Nxd5 23. Nxd5 Rxd5 24. Rxd5 Bxd5 25. Kb1 Kf8 26. Rd3 Rc8 27. Nd2 a5 28. b3 f5 29. c4 Bc6 30. Kc2 Kf7 31. Nb1 g5 32. hxg5 hxg5 33. Nc3 a6 34. Rd2 Kf6 35. Re2 Bc5 36. Be5+ Kf7 37. Nd1 Rg8 38. Nf2 Bxf2 39. Rxf2 g4 40. fxg4 Rxg4 41. g3 Re4 42. Bc7 a4 43. Kd3 1/2-1/2

[Event "CHN Team (Women)"]
[Site "Beijing"]
[Date "2017.06.11"]
[Round "6.4"]
[White "Li, Xinyu"]
[Black "Guo, Weibao"]
[Result "1/2-1/2"]
[WhiteElo "1941"]
[BlackElo "1788"]
[PlyCount "74"]
[EventDate "2017.06.06"]
[EventType "team-swiss"]
[EventRounds "9"]
[EventCountry "CHN"]
[SourceTitle "CBM 178 Extra"]
[Source "ChessBase"]
[SourceDate "2017.06.22"]
[SourceVersion "1"]
[SourceVersionDate "2017.06.22"]
[SourceQuality "1"]
[WhiteTeam "Guangdong (W)"]
[BlackTeam "Hebei (W)"]
[WhiteTeamCountry "CHN"]
[BlackTeamCountry "CHN"]

1. d4 d5 2. c4 c6 3. cxd5 cxd5 4. Nc3 Nf6 5. Bf4 e6 6. e3 Bd6 7. Bxd6 Qxd6 8. Bd3 Nc6 9. f4 a6 10. Rc1 0-0 11. Nf3 Qb4 12. Qc2 Qe7 13. a3 h6 14. 0-0 Ng4 15. Qe2 f5 16. Ne5 Ngxe5 17. fxe5 Bd7 18. b4 Nd8 19. Nb1 Bc6 20. Nd2 Nf7 21. Nb3 Ng5 22. Nc5 Rfc8 23. a4 Ne4 24. b5 axb5 25. Nxe4 fxe4 26. Bxb5 Bxb5 27. axb5 Rxc1 28. Rxc1 Ra3 29. h3 Qg5 30. Re1 Qg3 31. Qf2 Qxf2+ 32. Kxf2 Rb3 33. Rc1 Rxb5 34. Rc8+ Kf7 35. Rc7+ Kg6 36. Re7 Rb6 37. Kg3 h5 1/2-1/2

[Event "CHN Team (Women)"]
[Site "Beijing"]
[Date "2017.06.09"]
[Round "4.3"]
[White "Li, Xinyu"]
[Black "Zhang, Xiao"]
[Result "1/2-1/2"]
[WhiteElo "1941"]
[BlackElo "1913"]
[PlyCount "160"]
[EventDate "2017.06.06"]
[EventType "team-swiss"]
[EventRounds "9"]
[EventCountry "CHN"]
[SourceTitle "CBM 178 Extra"]
[Source "ChessBase"]
[SourceDate "2017.06.22"]
[SourceVersion "1"]
[SourceVersionDate "2017.06.22"]
[SourceQuality "1"]
[WhiteTeam "Guangdong (W)"]
[BlackTeam "Jiangsu (W)"]
[WhiteTeamCountry "CHN"]
[BlackTeamCountry "CHN"]

1. c4 Nf6 2. Nf3 d5 3. cxd5 Nxd5 4. d4 c6 5. e4 Nf6 6. Nc3 Bg4 7. Be2 h6 8. Bf4 e6 9. 0-0 Be7 10. a3 0-0 11. b4 a5 12. Rb1 axb4 13. axb4 Nbd7 14. Qc2 Nh5 15. Be3 Ndf6 16. Rfd1 Qc7 17. e5 Bf5 18. Bd3 Bxd3 19. Rxd3 Nd5 20. Nxd5 exd5 21. Nd2 Ra7 22. b5 Rfa8 23. bxc6 bxc6 24. Rdb3 Ra2 25. Qf5 Ra1 26. e6 Rxb1+ 27. Rxb1 Nf6 28. Bf4 Qc8 29. exf7+ Kxf7 30. Qc2 c5 31. dxc5 Qxc5 32. Qxc5 Bxc5 33. Kf1 g5 34. Rb5 gxf4 35. Rxc5 Ra2 36. Ke1 Ke6 37. Rc6+ Kf5 38. h3 Ne4 39. Nxe4 Kxe4 40. Rc3 d4 41. Rb3 Rc2 42. Ra3 h5 43. Rb3 h4 44. Ra3 Rc3 45. Ra1 f3 46. gxf3+ Rxf3 47. Ke2 Rxh3 48. Ra8 Rb3 49. Re8+ Kf4 50. Rf8+ Kg4 51. Rg8+ Kh3 52. f4 Rg3 53. Rh8 d3+ 54. Kd2 Kg4 55. f5 Rf3 56. f6 Rxf6 57. Kxd3 Re6 58. Rg8+ Kh3 59. Kd2 Re4 60. Rg7 Kh2 61. Rg8 h3 62. Rg7 Kh1 63. Rg8 Ra4 64. Ke2 Ra2+ 65. Kf1 Rg2 66. Rh8 Kh2 67. Rh7 Rg5 68. Rf7 Rc5 69. Rg7 Rc1+ 70. Kf2 Rc2+ 71. Kf1 Rg2 72. Rh7 Rg4 73. Rf7 Kh1 74. Rf8 Rc4 75. Rg8 Rf4+ 76. Ke2 h2 77. Rg7 Ra4 78. Kf1 Ra1+ 79. Kf2 Rg1 80. Ra7 Rg2+ 1/2-1/2

[Event "CHN-chB (Women)"]
[Site "Harbin"]
[Date "2016.07.21"]
[Round "9"]
[White "Zhao, Shengxin"]
[Black "Li, Xinyu"]
[Result "1/2-1/2"]
[WhiteElo "1948"]
[BlackElo "1840"]
[PlyCount "31"]
[EventDate "2016.07.17"]
[EventType "swiss"]
[EventRounds "11"]
[EventCountry "CHN"]
[SourceTitle "CBM 173 Extra"]
[Source "ChessBase"]
[SourceDate "2016.08.29"]
[SourceVersion "1"]
[SourceVersionDate "2016.08.29"]
[SourceQuality "1"]

1. d4 d5 2. c4 c6 3. Nf3 e6 4. g3 Nf6 5. Bg2 dxc4 6. 0-0 Nbd7 7. Nfd2 Nb6 8. e3 c5 9. Nxc4 cxd4 10. Nxb6 Qxb6 11. exd4 Be7 12. Nc3 0-0 13. Na4 Qb5 14. Nc3 Qb6 15. Na4 Qb5 16. Nc3 1/2-1/2

[Event "CHN-chB (Women)"]
[Site "Harbin"]
[Date "2016.07.19"]
[Round "5"]
[White "Zhou, Zirun"]
[Black "Li, Xinyu"]
[Result "1-0"]
[WhiteElo "1938"]
[BlackElo "1840"]
[PlyCount "85"]
[EventDate "2016.07.17"]
[EventType "swiss"]
[EventRounds "11"]
[EventCountry "CHN"]
[SourceTitle "CBM 173 Extra"]
[Source "ChessBase"]
[SourceDate "2016.08.29"]
[SourceVersion "1"]
[SourceVersionDate "2016.08.29"]
[SourceQuality "1"]

1. e4 c5 2. Nf3 Nc6 3. d4 cxd4 4. Nxd4 Nf6 5. Nc3 d6 6. Bg5 e6 7. Qd2 a6 8. 0-0-0 Bd7 9. Nb3 b5 10. f3 Rb8 11. Kb1 Ne5 12. f4 Nc4 13. Qd4 Qc7 14. Bxc4 Qxc4 15. e5 Qxd4 16. Rxd4 dxe5 17. fxe5 h6 18. Bxf6 gxf6 19. Ne4 Bc6 20. Nxf6+ Ke7 21. Na5 Be8 22. Rhd1 Bg7 23. Nxe8 Rbxe8 24. Nc6+ Kf8 25. Rd7 Rh7 26. Rf1 Bh8 27. Ra7 Rg7 28. g3 Rc8 29. Nd4 Kg8 30. Rxa6 Rg5 31. Nxb5 Bxe5 32. a4 Rd8 33. Ra7 f6 34. Rf2 Rg4 35. c3 Rd1+ 36. Kc2 Rd8 37. Rd2 Rxd2+ 38. Kxd2 h5 39. a5 Ra4 40. a6 h4 41. Ra8+ Kg7 42. a7 hxg3 43. hxg3 1-0

[Event "CHN-chB (Women)"]
[Site "Harbin"]
[Date "2016.07.18"]
[Round "3"]
[White "Li, Xinyu"]
[Black "Liu, Manli"]
[Result "0-1"]
[WhiteElo "1840"]
[BlackElo "2035"]
[PlyCount "140"]
[EventDate "2016.07.17"]
[EventType "swiss"]
[EventRounds "11"]
[EventCountry "CHN"]
[SourceTitle "CBM 173 Extra"]
[Source "ChessBase"]
[SourceDate "2016.08.29"]
[SourceVersion "1"]
[SourceVersionDate "2016.08.29"]
[SourceQuality "1"]

1. d4 Nf6 2. c4 e6 3. Nf3 d5 4. cxd5 exd5 5. Bg5 c6 6. Nc3 Be7 7. e3 Bf5 8. Qb3 Qb6 9. Nd2 Nbd7 10. Be2 Qxb3 11. Nxb3 Bd6 12. Bh4 h6 13. f3 0-0 14. Rc1 Rfe8 15. Bf2 g5 16. g4 Bg6 17. h4 Kg7 18. Kd2 a5 19. a4 Re7 20. Bd3 Nb6 21. Bxg6 fxg6 22. hxg5 hxg5 23. Kd3 Bb4 24. Nc5 Bxc5 25. dxc5 Nc4 26. b3 Ne5+ 27. Ke2 d4 28. exd4 Nexg4+ 29. Kf1 Nxf2 30. Kxf2 g4 31. Rhe1 Rf7 32. fxg4 Rd8 33. Ke3 Nxg4+ 34. Kd3 Rf3+ 35. Kc2 Ne3+ 36. Kb2 Rxd4 37. Re2 Rd3 38. Ne4 Nf5 39. Rc3 Nd4 40. Rd2 Rxd2+ 41. Nxd2 Rf2 42. Rd3 Nf3 43. Rxf3 Rxd2+ 44. Kc3 Rd5 45. b4 g5 46. Kc4 axb4 47. Rb3 Kg6 48. Rxb4 Rd7 49. a5 g4 50. a6 bxa6 51. Rb6 Rc7 52. Rxa6 Kg5 53. Kd3 Kf4 54. Ke2 Kg3 55. Kf1 Kh2 56. Ra2+ Kh1 57. Kf2 Kh2 58. Kf1+ Kh3 59. Ra3+ g3 60. Ra8 Rf7+ 61. Kg1 Rf5 62. Rh8+ Kg4 63. Kg2 Rf2+ 64. Kg1 Rc2 65. Rg8+ Kf3 66. Rf8+ Ke4 67. Rg8 Rxc5 68. Rxg3 Rf5 69. Rg8 c5 70. Rc8 Kd3 0-1